00556nam a2200217Ia 4500003000900000008004100009040001300050040001300063041000800076100001800084100001400102245005700116250000900173260002100182260000900203300001100212300001200223490001600235490000700251600008000258IT-RoPAU120407s9999 xx 000 0 und d aIT-RoPAU cIT-RoPAU aita aEdoardo Borra ca cura di aDizionario di sessuologia o dell’armonia coniugale aRoma aEdizioni Paoline c1974 a604 p. c19,5 cm aI Dizionari v23 a"1. Sessuologia 2. Amore coniugale ISBN CDU 035 23/23 000283"